000 00322cam a2200121ua 4500
082 _a828.09
_bBUS/EN
100 _aBush, Douglan .
_91960
245 _aEnglish Literature in the Earlier Seventieth Century 1600-1660 /
250 _a1 /
260 _aOxford :
_bClarendon Press ,
_c1962.
300 _a630 ; .
942 _cBK
999 _c5436
_d5436